Dataset Open Access
Antonia Lilja; Lars Schwabe; Tobias H. Donner; Guillén Fernández
<?xml version='1.0' encoding='UTF-8'?>
<record xmlns="http://www.loc.gov/MARC21/slim">
<leader>00000nmm##2200000uu#4500</leader>
<datafield tag="542" ind1=" " ind2=" ">
<subfield code="l">open</subfield>
</datafield>
<datafield tag="700" ind1=" " ind2=" ">
<subfield code="a">Lars Schwabe</subfield>
<subfield code="u">University of Hamburg</subfield>
</datafield>
<datafield tag="700" ind1=" " ind2=" ">
<subfield code="a">Tobias H. Donner</subfield>
<subfield code="u">University Medical Center Hamburg-Eppendorf</subfield>
</datafield>
<datafield tag="700" ind1=" " ind2=" ">
<subfield code="a">Guillén Fernández</subfield>
<subfield code="u">Radboud University Medical Center</subfield>
</datafield>
<datafield tag="540" ind1=" " ind2=" ">
<subfield code="u">https://creativecommons.org/licenses/by/4.0/legalcode</subfield>
<subfield code="a">Creative Commons Attribution 4.0 International</subfield>
</datafield>
<datafield tag="980" ind1=" " ind2=" ">
<subfield code="a">dataset</subfield>
</datafield>
<datafield tag="520" ind1=" " ind2=" ">
<subfield code="a"><p>Study materials, data and analysis scripts for the manuscript &quot;Remembering the Unexpected: Prediction Errors Gate Stress-induced Memory Enhancements&quot;. Includes two experiments: Study 1 and Study 2.</p>
<p>ERPs found in behavioural dataset for Study 2&nbsp;can be reproduced using preprocessed EEG data files and ERP script.&nbsp;</p>
<p>&nbsp;</p></subfield>
</datafield>
<controlfield tag="005">20260420070314.0</controlfield>
<datafield tag="024" ind1=" " ind2=" ">
<subfield code="a">10.25592/uhhfdm.18536</subfield>
<subfield code="2">doi</subfield>
</datafield>
<datafield tag="260" ind1=" " ind2=" ">
<subfield code="c">2026-04-01</subfield>
</datafield>
<controlfield tag="001">18536</controlfield>
<datafield tag="650" ind1="1" ind2="7">
<subfield code="a">cc-by</subfield>
<subfield code="2">opendefinition.org</subfield>
</datafield>
<datafield tag="909" ind1="C" ind2="O">
<subfield code="o">oai:fdr.uni-hamburg.de:18536</subfield>
<subfield code="p">user-uhh</subfield>
<subfield code="p">user-grk2753</subfield>
</datafield>
<datafield tag="245" ind1=" " ind2=" ">
<subfield code="a">Remembering the Unexpected: Prediction Errors Gate Stress-induced Memory Enhancements</subfield>
</datafield>
<datafield tag="773" ind1=" " ind2=" ">
<subfield code="a">10.25592/uhhfdm.18535</subfield>
<subfield code="i">isVersionOf</subfield>
<subfield code="n">doi</subfield>
</datafield>
<datafield tag="856" ind1="4" ind2=" ">
<subfield code="s">22109</subfield>
<subfield code="u">https://www.fdr.uni-hamburg.de/record/18536/files/behavioral_analysis_study_1.R</subfield>
<subfield code="z">md5:4d3dbc3fb118d56d3ad4fa3610c2e17a</subfield>
</datafield>
<datafield tag="856" ind1="4" ind2=" ">
<subfield code="s">25928</subfield>
<subfield code="u">https://www.fdr.uni-hamburg.de/record/18536/files/behavioral_analysis_study_2.R</subfield>
<subfield code="z">md5:e60c62d843b0912fbe10a421a70daa0d</subfield>
</datafield>
<datafield tag="856" ind1="4" ind2=" ">
<subfield code="s">5603399</subfield>
<subfield code="u">https://www.fdr.uni-hamburg.de/record/18536/files/data_study1.zip</subfield>
<subfield code="z">md5:ed4d93e4d0079e74525de4d9c773ebc4</subfield>
</datafield>
<datafield tag="856" ind1="4" ind2=" ">
<subfield code="s">24428124</subfield>
<subfield code="u">https://www.fdr.uni-hamburg.de/record/18536/files/data_study2.zip</subfield>
<subfield code="z">md5:c0c146ac4aba61e800d6bffe575fc1df</subfield>
</datafield>
<datafield tag="856" ind1="4" ind2=" ">
<subfield code="s">4200</subfield>
<subfield code="u">https://www.fdr.uni-hamburg.de/record/18536/files/description-of-variables.md</subfield>
<subfield code="z">md5:5d32c07a1393070c88a991549881bb4c</subfield>
</datafield>
<datafield tag="856" ind1="4" ind2=" ">
<subfield code="s">6198</subfield>
<subfield code="u">https://www.fdr.uni-hamburg.de/record/18536/files/erp_analysis_study2.m</subfield>
<subfield code="z">md5:b727712184f384cbd62f95248d80a550</subfield>
</datafield>
<datafield tag="856" ind1="4" ind2=" ">
<subfield code="s">19240</subfield>
<subfield code="u">https://www.fdr.uni-hamburg.de/record/18536/files/eTSST_Ablauf_PESTRESS.docx</subfield>
<subfield code="z">md5:bf4898bccb753f4a245ae66ceb7483f6</subfield>
</datafield>
<datafield tag="856" ind1="4" ind2=" ">
<subfield code="s">17487</subfield>
<subfield code="u">https://www.fdr.uni-hamburg.de/record/18536/files/Friendly_eTSST_Ablauf_PESTRESS.docx</subfield>
<subfield code="z">md5:73359ff025cd8eda375d14d21578fbc9</subfield>
</datafield>
<datafield tag="856" ind1="4" ind2=" ">
<subfield code="s">253176</subfield>
<subfield code="u">https://www.fdr.uni-hamburg.de/record/18536/files/PE task instructions.docx</subfield>
<subfield code="z">md5:6816388542ae117f4dd76fb1cca72dd7</subfield>
</datafield>
<datafield tag="856" ind1="4" ind2=" ">
<subfield code="s">194267</subfield>
<subfield code="u">https://www.fdr.uni-hamburg.de/record/18536/files/study1-PE-task-script.zip</subfield>
<subfield code="z">md5:c465fe94793b5e4155f560e62deae544</subfield>
</datafield>
<datafield tag="856" ind1="4" ind2=" ">
<subfield code="s">207292</subfield>
<subfield code="u">https://www.fdr.uni-hamburg.de/record/18536/files/study2-PE-task-script.zip</subfield>
<subfield code="z">md5:65f2a8db4e3b6d82ab290439356bdac7</subfield>
</datafield>
<datafield tag="856" ind1="4" ind2=" ">
<subfield code="s">14512</subfield>
<subfield code="u">https://www.fdr.uni-hamburg.de/record/18536/files/Treatment episode recognition instructions.docx</subfield>
<subfield code="z">md5:3c49b7e53a5b491cca27b7eddc699630</subfield>
</datafield>
<datafield tag="856" ind1="4" ind2=" ">
<subfield code="s">7799637</subfield>
<subfield code="u">https://www.fdr.uni-hamburg.de/record/18536/files/treatment-episode-recognition-task.zip</subfield>
<subfield code="z">md5:9836376432ac085cc5391b57d0f45e20</subfield>
</datafield>
<datafield tag="100" ind1=" " ind2=" ">
<subfield code="a">Antonia Lilja</subfield>
<subfield code="u">University of Hamburg</subfield>
</datafield>
<datafield tag="980" ind1=" " ind2=" ">
<subfield code="a">user-grk2753</subfield>
</datafield>
<datafield tag="980" ind1=" " ind2=" ">
<subfield code="a">user-uhh</subfield>
</datafield>
</record>